All US Drag Race Queens (1-17, AS1-AS10) - Statistics

General Stats
  • This quiz has been taken 11 times
  • The average score is 157 of 338
Answer Stats
Country % Correct
Alyssa Edwards
75%
Ginger Minj
75%
Plastique Tiara
75%
Shangela Laquifa Wadley
75%
Trixie Mattel
75%
Yekaterina Petrovna Zamolodchikova
75%
Adore Delano
63%
Aja
63%
A'keria Chanel Davenport
63%
Alaska Thunderfuck 5000
63%
BeBe Zahara Benet
63%
BenDeLaCreme
63%
Bob The Drag Queen
63%
Bosco
63%
Chad Michaels
63%
Chi Chi Kat DeVayne
63%
Crystal Methyd
63%
Detox Icunt
63%
Eureka O'Hara
63%
Irene the Alien
63%
Jan Sport
63%
Jasmine Kennedie
63%
Jasmine Masters
63%
Jiggly Caliente
63%
Jinkx Monsoon
63%
Jorgeous
63%
Jujubee
63%
Kennedy Davenport
63%
Kim Chi
63%
LaLa Ri
63%
Latrice Royale
63%
Manila Luzon
63%
Milk
63%
Monét X Change
63%
Morgan McMichaels
63%
Naomi Smalls
63%
Olivia Lux
63%
Phi Phi O'Hara
63%
Raja Gemini
63%
Ra'jah O'Hara
63%
Raven
63%
Roxxxy Andrews
63%
Serena ChaCha
63%
Sharon Needles
63%
Symone
63%
The Vivienne
63%
Thorgy Thor
63%
Trinity Kardashian Bonet
63%
Trinity the Tuck
63%
Valentina
63%
Vanessa Vanjie Mateo
63%
Acid Betty
50%
Alexis Mateo
50%
Alexis Michelle
50%
Alyssa Hunter
50%
Anetra
50%
Angeria Paris VanMicheals
50%
Aquaria
50%
Bianca Del Rio
50%
Brita Filter
50%
Coco Montrese
50%
Daya Betty
50%
Denali
50%
Farrah Moan
50%
Gia Gunn
50%
Gigi Goode
50%
Gottmik
50%
Heidi N Closet
50%
Honey Davenport
50%
Jaida Essence Hall
50%
Jaymes Mansfield
50%
Joey Jay
50%
June Jambalaya
50%
Kahanna Montrese
50%
Kandy Muse
50%
Kerri Colby
50%
Kylie Sonique Love
50%
Lady Camden
50%
Laganja Estranja
50%
Luxx Noir London
50%
Maddy Morphosis
50%
Mimi Imfurst
50%
Miss Darienne Lake
50%
Mistress Isabelle Brooks
50%
Miz Cracker
50%
Mo Heart
50%
Mrs. Kasha Davis
50%
Nina Flowers
50%
Nina West
50%
Nymphia Wind
50%
Pearl Liason
50%
Plane Jane
50%
Rose
50%
Sahara Davenport
50%
Sapphira Cristál
50%
Sasha Colby
50%
Sasha Velour
50%
Shannel
50%
Shea Couleé
50%
Silky Nutmeg Ganache
50%
Spice
50%
Sugar
50%
Tamisha Iman
50%
Tatianna
50%
Utica Queen
50%
Violet Chachki
50%
Vivacious
50%
Willam
50%
Willow Pill
50%
Yara Sofia
50%
Yvie Oddly
50%
Aiden Zhane
38%
Akashia
38%
Amanda Tori Meating
38%
Arrietty
38%
Asia O'Hara
38%
Blair St. Clair
38%
Carmen Carrera
38%
Cynthia Lee Fontaine
38%
Dawn
38%
DeJa Skye
38%
Delta Work
38%
Derrick Barry
38%
DiDa Ritz
38%
Elliott with 2 Ts
38%
Geneva Karr
38%
Honey Mahogany
38%
India Ferrah
38%
Jackie Cox
38%
Jade
38%
Jade Jolie
38%
Jimbo
38%
Kahmora Hall
38%
Kameron Michaels
38%
Kori King
38%
Kornbread "The Snack" Jeté
38%
Lydia Butthole Kollins
38%
Marcia Marcia Marcia
38%
Mariah Paris Balenciaga
38%
MAX
38%
Miss Fame
38%
Nicole Paige Brooks
38%
Ongina
38%
Onya Nurve
38%
Peppermint
38%
Phoenix
38%
Q
38%
Rock M. Sakura
38%
Salina EsTitties
38%
Sasha Belle
38%
Suzie Toot
38%
Tammie Brown
38%
The Princess
38%
The Vixen
38%
Tina Burner
38%
Tyra Sanchez
38%
Victoria "Porkchop" Parker
38%
Vivienne Pinay
38%
Widow Von'Du
38%
Yuhua Hamasaki
38%
Amethyst
25%
April Carrión
25%
Ariel Versace
25%
Aura Mayari
25%
Brooke Lynn Hytes
25%
Charlie Hides
25%
Courtney Act
25%
Dahlia Sin
25%
Dax Exclamationpoint
25%
Hershii LiqCour-Jeté
25%
Hormona Lisa
25%
Ivy Winters
25%
Jaidynn Diore Fierce
25%
Jax
25%
Jessica Wild
25%
Jewels Sparkles
25%
Joella
25%
Joslyn Fox
25%
Kandy Ho
25%
Kelly Mantle
25%
Kenya Michaels
25%
Kimora Blac
25%
Laila McQueen
25%
Lashauwn Beyond
25%
Lexi Love
25%
Lineysha Sparx
25%
Lucky Starzzz
25%
Madame LaQueer
25%
Magnolia Crawford
25%
Malaysia Babydoll Foxx
25%
Megami
25%
Mhi'ya Iman Le'Paige
25%
Milan
25%
Mirage
25%
Monica Beverly Hillz
25%
Morphine Love Dion
25%
Naysha Lopez
25%
Nicky Doll
25%
Nina Bo'nina Brown
25%
Orion Story
25%
Pandora Boxx
25%
Plasma
25%
Princess Poppy
25%
Rebecca Glasscock
25%
Robbie Turner
25%
Sam Star
25%
Scarlet Envy
25%
Shuga Cain
25%
Soju
25%
Stacy Layne Matthews
25%
Tempest DuJour
25%
Venus D-Lite
25%
Xunami Muse
25%
Acacia Forgot
13%
Alisa Summers
13%
Crystal Envy
13%
Dusty Ray Bottoms
13%
Kalorie Karbdashian-Williams
13%
Lana Ja'Rae
13%
Loosey LaDuca
13%
Mayhem Miller
13%
Mercedes Iman Diamond
13%
Mystique Summers Madison
13%
Penny Tration
13%
Robin Fierce
13%
Thorgy Thor
13%
No matching quizzes found
Score Distribution
Percent of People with Each Score
Percentile by Number Answered
Your Score History
You have not taken this quiz